| 000 | 02186nam0a2200433 4500 | ||
|---|---|---|---|
| 001 | RU\NLR\bibl\1941919 | ||
| 005 | 20260409072054.0 | ||
| 010 |
_a978-5-8188-0198-8 _91000 |
||
| 021 |
_aRU _b2012-59619 _94374 |
||
| 035 | _a(NLR Aleph) 001931188 | ||
| 035 | _a(nilc)RSL-KNO-005480101 | ||
| 090 |
_a3438004 _c3438004 |
||
| 100 | _a20131026d2012 u y0rusy50 ca | ||
| 101 | 0 | _arus | |
| 102 | _aRU | ||
| 105 | _aa zzzz||||| | ||
| 200 | 1 |
_aЦентральная зона традиционных социокультурных ценностей как информационно-коммуникативный феномен. Новые подходы к изучению традиций и традиционализма (на примере России). Классификация традиционных ценностей _fМ. Р. Деметрадзе _gРос. ин-т культурологии |
|
| 210 |
_aМосква _cNota Bene _d2012 |
||
| 215 |
_a120, [1] с. _cил., схемы _d21 |
||
| 300 | _aНа 4-й с. обл. авт.: Марине Деметрадзе - д.полит.н., проф. | ||
| 320 | _aБиблиогр.: с. 104-119 (292 назв.) и в подстроч. примеч. | ||
| 517 | 0 | _aНовые подходы к изучению традиций и традиционализма (на примере России). Классификация традиционных ценностей | |
| 606 | 1 |
_aТрадиционная культура _yРоссийская Федерация _92544322 _3RU\NLR\AUTH\661506025 |
|
| 606 |
_aЦенности (социол.) _3RU\NLR\AUTH\66841699 _91856549 |
||
| 610 | 0 | _aсоциальные ценности | |
| 610 | 0 | _aтрадиции | |
| 686 |
_aС555.25,0 _2rubbk |
||
| 686 |
_aС555.75,0 _2rubbk |
||
| 686 |
_aС555.56,0 _2rubbk |
||
| 686 | 1 | _aС550.25 | |
| 686 | 1 | _aЮ217.6 | |
| 686 | 1 | _aТ52(2) | |
| 700 | 1 |
_4070 _8rus _7ca _aДеметрадзе _bМ. Р. _gМарине Резоевна _3RU\NLR\auth\77119092 _9102017 |
|
| 801 | 0 |
_aRU _bRuMoRKP _c20120813 _grcr |
|
| 801 | 1 |
_aRU _bРГБ _c20120813 |
|
| 801 | 2 |
_aRU _bNLR _c20120905 _grcr |
|
| 942 | _cBOOK | ||
| 980 | _aNBR | ||
| 980 | _aNB | ||